Score 0/20 Timer 04:00
0 Plays Today
Title Missing Word % Correct
Me and Bobby _____ McGee
81.9%
Me and You and a _____ Named BooDog
81.8%
Help Me Make It Through the _____Night
81.4%
Me, Myself & _____Irene
78.4%
Me and _____ FischerBobby
74.4%
You Don't Bring Me ______Flowers
73.8%
Don't Bring Me _____Down
71.4%
Help Me, _____Rhonda
70.9%
_____ & MeMarley
68.7%
Me and _____ Down by the SchoolyardJulio
61.8%
Title Missing Word % Correct
Me and _____ WellesOrson
61.5%
Me and Mrs. _____ Jones
58.3%
_____ and MeYou
52.5%
Give Me _____ (Give Me Peace on Earth)Love
50.9%
Give It to Me _____Baby
49.4%
Me and My _____Shadow
44.2%
_____ & MeRoger
20.9%
Everybody's Got Something to Hide Except Me and My _____Monkey
20.4%
The _____ and MePrince
18%
Me and My _____Arrow
8.1%

Today's Daily Dose

Remove Ads.
Support Sporcle.
Get the best of Sporcle when you Go Orange. This ad-free experience offers more features, more stats, and more fun while also helping to support Sporcle. Thank you for becoming a member.

You're not logged in!

Compare scores with friends on all Sporcle quizzes.
OR
Log In

Show Comments

Extras

Top Quizzes Today


Score Distribution

Your Account Isn't Verified!

In order to create a playlist on Sporcle, you need to verify the email address you used during registration. Go to your Sporcle Settings to finish the process.

Report this User

Report this user for behavior that violates our Community Guidelines.

Details: